Score 0/20 Timer 07:00
0 Plays Today
% Correct
Hulk
93.8%
Spider-Man
93.6%
Captain America
93.5%
Black Panther
92.3%
Thor
92%
Wolverine
91.6%
Groot
90.7%
Loki
89.9%
Ant-Man
89.5%
Thanos
88.1%
% Correct
Venom
87.2%
Nick Fury
82.6%
Rocket Raccoon
82.5%
Red Skull
75.5%
Magneto
74.8%
Ultron
69.8%
Daredevil
56.6%
Doctor Doom
56.2%
Kingpin
45.3%
Apocalypse
44.3%
Remove Ads.
Support Sporcle.
Get the best of Sporcle when you Go Orange. This ad-free experience offers more features, more stats, and more fun while also helping to support Sporcle. Thank you for becoming a member.

You're not logged in!

Compare scores with friends on all Sporcle quizzes.
OR
Log In

Sporcle TV

Today on Sporcle TV


Watch our educational content, quiz creation guides, and fun videos on Sporcle TV.

Show Comments

Extras

Top Quizzes Today


Score Distribution

Paid Content

Your Account Isn't Verified!

In order to create a playlist on Sporcle, you need to verify the email address you used during registration. Go to your Sporcle Settings to finish the process.

Report this User

Report this user for behavior that violates our Community Guidelines.

Details: